Normal view
MARC view
Entry Personal Name
001 - CONTROL NUMBER
- control field: 52707
003 - CONTROL NUMBER IDENTIFIER
- control field: dpl
005 - DATE AND TIME OF LATEST TRANSACTION
- control field: 20120927171918.0
008 - FIXED-LENGTH DATA ELEMENTS
- fixed length control field: 120927|||a|||||| | ||| d
040 ## - CATALOGING SOURCE
- Original cataloging agency: dpl
- Transcribing agency: dpl
100 ## - HEADING--PERSONAL NAME
- Personal name: Brewer, Duncan
670 ## - SOURCE DATA FOUND
- Source citation: Work cat.: (dpl)62967: Brewer, Duncan, 100 (hundred) facts inventions /, 2009
670 ## - SOURCE DATA FOUND
- Source citation: Work cat.: (dpl)62967: Brewer, Duncan, 100 (hundred) facts inventions /, 2009
